Tratado de la prueba penal en el sistema acusatorio adversarial

保存先:
書誌詳細
第一著者: Jauchen, Eduardo M (著者)
フォーマット: 図書
言語:スペイン語
出版事項: Buenos Aires Rubinzal Culzoni Editores 2017
版:1a. ed
主題:
タグ: タグ追加
タグなし, このレコードへの初めてのタグを付けませんか!

MARC

LEADER 00000cam a2200000 a 4500
001 UCD9317
003 CL-VaPUC
008 170616e20170000ag |||||||||||||||||spa|d
020 |a 9789873007354 
082 0 4 |a 345.06  |b JAU  |2 21 
100 |a Jauchen, Eduardo M  |e author  |9 593024 
245 1 0 |a Tratado de la prueba penal en el sistema acusatorio adversarial 
250 |a 1a. ed 
300 |a 815 p 
942 |c BK 
945 |d 20170616 21:05:00  |a dcastane 
260 |a Buenos Aires  |b Rubinzal Culzoni Editores  |c 2017 
650 7 |a DERECHO PENAL  |2 CL-VaPUC  |9 11 
650 0 |a Pruebas  |9 256249 
650 0 |a Procedimiento penal  |9 254974 
583 |a last modification  |c 20170616 21:05:00  |k Rodrigo Vera 
999 |c 368547  |d 368545 
952 |0 0  |1 0  |3 erb  |4 0  |6 345_060000000000000_JAU_2017  |7 0  |8 A  |9 483901  |a BIBDER  |b BIBDER  |i 5397952  |l 4  |m 2  |o 345.06 JAU 2017  |p 5397952  |r 2024-11-26  |s 2024-11-26  |w 2019-11-24  |y BK  |z Catalogado en:20170616  |k DER